Alien Species - Statistics

General Stats
  • This quiz has been taken 15 times
  • The average score is 3 of 7
Answer Stats
Hint Answer % Correct
Alien Xenomorph
100%
Mars Attacks Martian
69%
Predator Yautja
38%
War of the Worlds Tripod
31%
A Quiet Place Death Angel
23%
The Tomorrow War Whitespike
23%
Cowboys and Aliens Demon
8%
No matching quizzes found
Score Distribution
Percent of People with Each Score
Percentile by Number Answered
Your Score History
You have not taken this quiz